Guess the 1970s song lyrics #157 - Statistics

General Stats
  • This quiz has been taken 16 times
  • The average score is 97 of 179
Answer Stats
Answer % Correct
I
100%
A
93%
a
93%
Do
93%
do
93%
In
93%
in
93%
the
93%
when
93%
you
93%
and
86%
And
86%
love
86%
me
86%
my
86%
your
86%
Can
79%
hear
79%
her
79%
on
79%
She
79%
there
79%
we
79%
We
79%
with
79%
by
71%
day
71%
now
71%
Now
71%
of
71%
one
71%
out
71%
down
64%
I'll
64%
nights
64%
was
64%
every
57%
from
57%
la
50%
our
50%
So
50%
without
50%
away
36%
Hey
36%
hey
36%
Island
36%
sun
36%
Thunder
36%
hair
29%
lady
29%
Makin
29%
Sha
29%
sha
29%
Callin
21%
dress
21%
Goodbye
21%
grass
21%
name
21%
remember
21%
sand
21%
sky
21%
summer
21%
sunshine
21%
Sweet
21%
undone
21%
Until
21%
wild
21%
winds
21%
blinded
14%
Both
14%
Caught
14%
Chasin
14%
close
14%
dark
14%
fell
14%
grew
14%
held
14%
hidin
14%
laughin
14%
laughing
14%
lightning
14%
passed
14%
rain
14%
rode
14%
storm
14%
turned
14%
wet
14%
across
7%
bay
7%
bodies
7%
color
7%
cool
7%
Cuts
7%
deeper
7%
drying
7%
hours
7%
Indian
7%
little
7%
mile
7%
number
7%
shared
7%
summer's
7%
No matching quizzes found
Score Distribution
Percent of People with Each Score
Percentile by Number Answered
Your Score History
You have not taken this quiz